000 00541nam a2200181Ia 4500
008 090123s9999 xx 000 0 und d
082 _b12804
_a891.463/आठल्ये
100 _aआठल्ये अनिल
245 _aसुप्रभात
250 _a1
260 _bवैभव प्रकाशन
_c1979
300 _a153
600 _aआठल्ये अनिल
630 _aसुप्रभात
700 _aआठल्ये अनिल
730 _aसुप्रभात
942 _cBOOK
999 _c50869
_d50869